Gravitation in astrophysics (Record no. 13471)
[ view plain ]
| 000 -LEADER | |
|---|---|
| fixed length control field | 00919nam a2200241Ia 4500 |
| 003 - CONTROL NUMBER IDENTIFIER | |
| control field | IN-BaIIA |
| 008 - FIXED-LENGTH DATA ELEMENTS--GENERAL INFORMATION | |
| fixed length control field | 211028s9999 xx 000 0 eng d |
| 020 ## - INTERNATIONAL STANDARD BOOK NUMBER | |
| International Standard Book Number | 0-306-42590-4 |
| 040 ## - CATALOGING SOURCE | |
| Transcribing agency | IIA Library |
| 080 ## - UNIVERSAL DECIMAL CLASSIFICATION NUMBER | |
| Universal Decimal Classification number | 524.834(082.2) |
| Item number | GRA |
| 111 ## - MAIN ENTRY--MEETING NAME | |
| Meeting name or jurisdiction name as entry element | NATO ASI on Gravitation in Astrophysics |
| Location of meeting | Cargese, France |
| Date of meeting or treaty signing | 1986 July 15-31 |
| 9 (RLIN) | 23625 |
| 245 #0 - TITLE STATEMENT | |
| Title | Gravitation in astrophysics |
| Remainder of title | proceedings of a NATO ASI on Gravitation in astrophysics, held in Cargese, France, July 15-31, 1986 |
| Statement of responsibility, etc. | edited by B. Carter and Hartle, J. B |
| 260 ## - PUBLICATION, DISTRIBUTION, ETC. | |
| Place of publication, distribution, etc. | New York |
| Name of publisher, distributor, etc. | Plenum Press |
| Date of publication, distribution, etc. | 1987 |
| 300 ## - PHYSICAL DESCRIPTION | |
| Extent | xv, 399p. |
| 490 ## - SERIES STATEMENT | |
| Series statement | NATO ASI series, series B: physics; vol. 156 |
| 650 ## - SUBJECT ADDED ENTRY--TOPICAL TERM | |
| Topical term or geographic name entry element | Astrophysics |
| 9 (RLIN) | 794 |
| 650 ## - SUBJECT ADDED ENTRY--TOPICAL TERM | |
| Topical term or geographic name entry element | Cosmology |
| 650 ## - SUBJECT ADDED ENTRY--TOPICAL TERM | |
| Topical term or geographic name entry element | Gravitation |
| 650 ## - SUBJECT ADDED ENTRY--TOPICAL TERM | |
| Topical term or geographic name entry element | Relativistic cosmology |
| 9 (RLIN) | 6459 |
| 700 ## - ADDED ENTRY--PERSONAL NAME | |
| Personal name | Carter, B., ed. |
| 9 (RLIN) | 23626 |
| 700 ## - ADDED ENTRY--PERSONAL NAME | |
| Personal name | Hartle, J. B., ed. |
| 9 (RLIN) | 23627 |
| 942 ## - ADDED ENTRY ELEMENTS (KOHA) | |
| Koha item type | Books |
| Withdrawn status | Lost status | Damaged status | Not for loan | Home library | Current library | Shelving location | Date acquired | Total Checkouts | Full call number | Barcode | Date last seen | Price effective from | Koha item type |
|---|---|---|---|---|---|---|---|---|---|---|---|---|---|
| IIA Library-Bangalore | IIA Library-Bangalore | General Stacks | 524.834(082.2)/ GRA | 14390 | 05/11/2021 | Books |